01223 a2200193 45000010006000000050017000060080041000230030015000640400040000790800056001192450034001750200018002092640032002273000026002595050610002850410008008951000027009038560099009305289520260407155803.0260407a1997 arg spa dAR-UNSa-BCEJYS aAR-UNSa-BCEJYSbspacAR-UNSa-BCEJYS a519.2xProbabilidades y estadística matemática 10aEstadística y econometría a84-481-0798-5 1aMadrid :bMcGraw-Hillc1997 axviii, 638 p.c25 cm. a1. Organización y análisis de datos - 2. Tasas de variación en datos temporales - 3. Números índices - 4. Teoría de la probabilidad - 5. Variables aleatorias - 6. Modelos de distribución de probabilidad - 7. Distribuciones multivariantes - 8. Distribuciones de funciones de variables aleatorias y aproximaciones - 9. Estimacoón - 10. Contrastación de hipótesis estadísticas - 11. Muestreo en poblaciones finitas - 12. Contrastes no paramétricos 13. El modelo de regresión lineal - 14. Utilización práctica del modelo de regresión - 15. El modelo de regresión múltiple aspa1 aNovales Cinca, Alfonso41uhttps://www.biblioeco.unsa.edu.ar/pmb/images/libros/L128297.jpgyImagen de portadaqimage/jpeg